| 000 | 00846nam a2200205Ii 4500 | ||
|---|---|---|---|
| 003 | JO-AjNU | ||
| 008 | 230605s9999||||xx |||||||||||||| ||und|| | ||
| 040 |
_aJO-AjNU _bara _erda _cJO-AjNU |
||
| 041 | _aara | ||
| 050 | 1 | 4 | _aBP145.Z8488 1999 |
| 100 | 3 |
_aالزلمي، مصطفى ابراهيم ، علي أحمد صالح المهداوي, _eauthor _934815 |
|
| 245 | 0 | 0 | _aأصول الفقه في نسيجه الجديد وتطبيقاته في التشريعات القانونية وخاصة القانون المدني الأردني رقم 43 لسنة 1976م |
| 250 | _aط1 | ||
| 264 | 3 | 1 | _aاربد: المركز القومي للنشر، 1999 |
| 300 | _a436ص | ||
| 336 |
_atext _btxt _2rdacontent |
||
| 337 |
_aunmediated _bn _2rdamedia |
||
| 338 |
_avolume _bnc _2rdacarrier |
||
| 650 | 4 |
_aأصول الفقه الإسلامي _934816 |
|
| 999 |
_aA14312 _c17880 _d17880 |
||